00322nam a2200109Ia 450000500170000000800410001710000160005824500980007426000150017230000110018765000140019820260328104328.0260328s9999||||xx |||||||||||||| ||und|| aMars, Roman 4aThe 99% Invisible City :b A Field Guide to the Hidden World of Everyday Design /cRoman Mars bhousghton  a376 p. aURBANISMO